000 00967nam a22002297a 4500
005 20250714154631.0
008 250714b |||||||| |||| 00| 0 eng d
020 _a978-81-906136-4-4 (pbk)
037 _cTB
040 _aCRL
_cCRL
041 _2hin
_ahin
084 _aO152,3N51x P8
_qCRL
100 _aकमलेश्वर
_9815563
245 _aसोलह छतों का घर
260 _aनई दिल्ली, भारत:
_bअरु प्रकाशन प्राइवेट लिमिटेड,
_c2008.
300 _a196पृ.
650 _aहिंदी साहित्य
_9753844
650 _aहिंदी कहानी
_9815564
700 _aनागर, हीरालाल
_eसंपादक
_9815565
942 _2CC
_cTB
_hO152,3N51x P8
_n0
999 _c1433631
_d1433631